000 00970nas a2200277 4500
001 BR8707058
003 BR-BrBNA
005 20231205090907.0
007 ta
008 230509b bl.|||p| |||| 00| 00por d
040 _aBR-BrBNA
_bpor
_cBiblioteca Nacional de Agricultura
041 _a(Pt)
072 _aQ54
100 1 _aCarvalho, V.D. de
100 1 _aSilva, A.T. da
100 1 _aClemente, E.
245 1 _aEfeito da suplementacao de racoes a base de fuba com feno da parte aerea de mandioca em alguns parametros nutricionais de ratos
246 1 _aEffect of corn diet supplement with several levels of cassava aerial part hay on hats nutritives characteristics
650 _aFENO
650 _aFUBA
650 _aCOMPOSICAO DE ALIMENTO
650 _aVALOR NUTRITIVO
773 0 _tRevista Brasileira de Mandioca (Brazil)
_xISSN 0101-563X
_g(Jun 1986), v. 5(1) p. 77-82
_wBR8707058
909 _a202311
_bLúcia
_c55
_dLúcia Elande
942 _2AGRIS
_n0
_cANA
999 _c121493
_d121493